zpět

Detail výsledku týmu

Třiadvacítka, Mělník

Datum a čas kvízu

23.5 Celkem bodů Celkový počet nahraných bodů na tomto kvízu bez doplňovacích otázek.
3. Pořadí na kvízu Konečné umístění týmu na tomto kvízu.

Zaznamenané odpovědi

# Otázka Odpověď Body Výsledky
1. Neobvyklý zásah za sebou mají... v Brně 1
2. Tento automobil stál na ulici... v Itálii 0
3. Jak se jmenuje televizní stani... Šlágr TV 1
4. Čtyřiatřicetiletý tchajwanský... na PornHubu 0
5. Rychlobruslařka Martina Sáblík... Jiří Stanislav Guth-Jarkovský 0
6. Podíváme se mezi lékaře, kteří... Sám sobě vyoperoval slepé střevo (a přežil). 1
7. Tento český kardiochirurg dosá... Jan Pirk 1
8. Jednou z postav seriálu Futura... Zoidberg 1
9. Další z mnoha veřejně známých... A) plastická chirurgie 1
10. Chirurga Benjamina Franklina „... Woody Allen 0